UBT Library

The logic of business strategy / (Record no. 42451)

000 -LEADER
fixed length control field 00512cam a2200205 a 4500
001 - CONTROL NUMBER
control field 1896092
005 - DATE AND TIME OF LATEST TRANSACTION
control field 20180214033701.0
008 - FIXED-LENGTH DATA ELEMENTS--GENERAL INFORMATION
fixed length control field 840529s1984 maua 001 0 eng
010 ## - LIBRARY OF CONGRESS CONTROL NUMBER
LC control number 84011119
020 ## - INTERNATIONAL STANDARD BOOK NUMBER
International Standard Book Number 0884109836
040 ## - CATALOGING SOURCE
Original cataloging agency DLC
Transcribing agency DLC
Modifying agency DLC
041 ## - LANGUAGE CODE
Language code of text/sound track or separate title eng
080 ## - UNIVERSAL DECIMAL CLASSIFICATION NUMBER
Universal Decimal Classification number 658.4012 HEN
082 00 - DEWEY DECIMAL CLASSIFICATION NUMBER
Classification number 658.4012 HEN
Edition number 19
100 1# - Rafti
Rafti 54
101 ## - Shkurtesa
Shkurtesa LID
245 14 - TITLE STATEMENT
Title The logic of business strategy /
Statement of responsibility, etc Bruce Henderson.
906 ## - LOCAL DATA ELEMENT F, LDF (RLIN)
a 7
b cbc
c orignew
d 1
e ocip
f 19
g y-gencatlg
942 ## - ADDED ENTRY ELEMENTS (KOHA)
Source of classification or shelving scheme
Item type Books
Holdings
Withdrawn status Lost status Source of classification or shelving scheme Damaged status Not for loan Collection code Permanent location Current location Shelving location Date acquired Total Checkouts Full call number Barcode Date last seen Price effective from Koha item type
          Koleksioni i përgjithshem UBT - Lipjan UBT - Lipjan Koleksioni i përgjithshem 02/14/2018   658.4012 HEN 002-2998229 02/14/2018 02/14/2018 Books
UBT Library © 2015-2024. All rights reserved University Education for Business and Technology